Government career service /

Bibliographic Details
Main Author: White, Leonard Dupee, 1891-1958
Format: Book
Language:English
Published: Chicago, Ill. : The University of Chicago press, [1935]
Series:Studies in public administration (University of Chicago) ; v. 3.
Subjects:

MARC

Tag First Indicator Second Indicator Subfields
LEADER 00000cam a2200000 4500
001 in00000040732
005 20151007064634.0
008 720524s1935 ilu 00000 eng u
010 |a  35027226  
035 |a (OCoLC)00316671 
035 |9 AAE0288AM 
040 |c KSU  |d TXA  |d UtOrBLW 
049 |a TXAM  |c [417111] 
050 0 |a JK691  |b .W5 
092 |a 351.4  |b W585g 
100 1 |a White, Leonard Dupee,  |d 1891-1958. 
245 1 0 |a Government career service /  |c by Leonard D. White ... 
264 1 |a Chicago, Ill. :  |b The University of Chicago press,  |c [1935] 
264 4 |c [©1935] 
300 |a xiii, 99 pages ;  |c 22 cm. 
336 |a text  |b txt  |2 rdacontent 
337 |a unmediated  |b n  |2 rdamedia 
338 |a volume  |b nc  |2 rdacarrier 
490 1 |a Studies in public administration. Vol. III 
650 0 |a Civil service  |z United States. 
651 0 |a United States  |x Officials and employees. 
830 0 |a Studies in public administration (University of Chicago) ;  |v v. 3. 
999 |a MARS 
999 f f |s ad20905d-e80b-3686-86fb-6fa6e9af1031  |i 0c0432bf-2fee-33ac-a7b3-f60424069a2f  |t 0 
952 f f |p ric  |a Texas A&M University  |b Rellis Campus  |c Joint Library Facility  |d Remote Storage  |t 0  |e JK691 .W5  |h Library of Congress classification  |i unmediated -- volume  |m A14800794305 
998 f f |a JK691 .W5  |t 0  |l Remote Storage